| 000 | 00730nam a22002057a 4500 | ||
|---|---|---|---|
| 008 | 081020t xxu||||| |||| 00| 0 eng d | ||
| 010 | _aENG-84050 | ||
| 020 | _a8131300455 | ||
| 020 | _c300.00 (hb) | ||
| 035 | _aEN-67583 | ||
| 082 | _a363.23 / BHA | ||
| 100 | _aBharti, Dalbir | ||
| 245 |
_aPolice and people: _brole and responsibilities / _cby Dalbir Bharti |
||
| 260 |
_aNew Delhi _bA P H Publishing |
||
| 260 | _c2006 | ||
| 300 |
_ax, 232p _c22cm |
||
| 500 | _aIncludes bibliographical references and index | ||
| 942 |
_2ddc _cEN _h363.23 _mBHA |
||
| 999 |
_c17017 _d17017 |
||